[Event "Titled Tuesday intern op 23rd Apr Late"]
[Site "Chess.com INT"]
[Date "2024.04.23"]
[Round "5"]
[White "Krivenko, Dion"]
[Black "Kepeshchuk, Mykhaylo"]
[Result "1-0"]
[WhiteElo "2254"]
[BlackElo "2269"]
[PlyCount "75"]
[EventDate "2024.04.23"]
[EventType "swiss (blitz)"]
[EventRounds "11"]
[EventCountry "USA"]
[SourceTitle "CB18_2024"]
[SourceDate "2024.05.01"]
[SourceVersion "1"]
[SourceVersionDate "2024.05.01"]
[SourceQuality "2"]

1. e4 c5 2. a3 g6 3. b4 Bg7 4. c3 b6 5. g3 Bb7 6. Bg2 Nf6 7. d3 0-0 8. Ne2 d6 9. 0-0 Qc7 10. Nd2 Nbd7 11. Bb2 Rfc8 12. Rc1 a5 13. h3 axb4 14. cxb4 Nxe4 15. Bxg7 Nxd2 16. Qxd2 Kxg7 17. Nf4 Bxg2 18. Kxg2 Qb7+ 19. Kg1 Ne5 20. Qb2 Kg8 21. Rfd1 Nf3+ 22. Kf1 Nd4 23. Kg1 Qf3 24. Re1 Ra7 25. Re3 Qa8 26. Re4 e5 27. Ne2 Nf3+ 28. Kf1 Ng5 29. Nc3 Rxa3 30. Qd2 Nxe4 31. Nxe4 Qb8 32. Qh6 f5 33. Nf6+ Kf7 34. Nxh7 Rh8 35. Ng5+ Kf6 36. Nh7+ Kf7 37. Ng5+ Kf6 38. Nh7+ 1-0

[Event "Titled Tuesday intern op 23rd Apr Late"]
[Site "Chess.com INT"]
[Date "2024.04.23"]
[Round "2"]
[White "Krivenko, Dion"]
[Black "Wu, Derek"]
[Result "1-0"]
[WhiteElo "2254"]
[BlackElo "2295"]
[PlyCount "85"]
[EventDate "2024.04.23"]
[EventType "swiss (blitz)"]
[EventRounds "11"]
[EventCountry "USA"]
[SourceTitle "CB18_2024"]
[SourceDate "2024.05.01"]
[SourceVersion "1"]
[SourceVersionDate "2024.05.01"]
[SourceQuality "2"]

1. e4 d5 2. exd5 Qxd5 3. Nc3 Qd6 4. d4 Nf6 5. Nb5 Qb6 6. Nf3 a6 7. Na3 Bg4 8. c3 Qe6+ 9. Be3 Nd5 10. Nc2 Nc6 11. h3 Bf5 12. Bd3 Bxd3 13. Qxd3 Qg6 14. Qe2 0-0-0 15. 0-0 e6 16. Rfd1 Bd6 17. c4 Nxe3 18. Nxe3 Rhe8 19. a3 e5 20. d5 Nd4 21. Nxd4 exd4 22. Rxd4 Bc5 23. Rd3 Qe4 24. b4 Bf8 25. Qd2 f5 26. Rd4 Qe5 27. c5 g6 28. Rd1 Bh6 29. Nc4 Bxd2 30. Nxe5 Bc3 31. Nf7 Bxd4 32. Nxd8 Bb2 33. Ne6 Bxa3 34. Rb1 c6 35. Nd4 cxd5 36. Nc2 Bxb4 37. Nxb4 d4 38. Rd1 Rd8 39. Kf1 Kc7 40. Ke2 a5 41. Nc2 Kc6 42. Nxd4+ Kd5 43. Nc2+ 1-0

[Event "Titled Tuesday intern op 23rd Apr Late"]
[Site "Chess.com INT"]
[Date "2024.04.23"]
[Round "1"]
[White "Sherman, Reem"]
[Black "Krivenko, Dion"]
[Result "1-0"]
[WhiteElo "2330"]
[BlackElo "2254"]
[PlyCount "89"]
[EventDate "2024.04.23"]
[EventType "swiss (blitz)"]
[EventRounds "11"]
[EventCountry "USA"]
[SourceTitle "CB18_2024"]
[SourceDate "2024.05.01"]
[SourceVersion "1"]
[SourceVersionDate "2024.05.01"]
[SourceQuality "2"]

1. e4 g6 2. d4 Bg7 3. Nf3 d6 4. Be2 Nc6 5. 0-0 Nf6 6. Nc3 Bg4 7. Be3 0-0 8. h3 Bxf3 9. Bxf3 e5 10. d5 Ne7 11. b4 Nd7 12. Be2 f5 13. f3 f4 14. Bf2 g5 15. Qd3 h5 16. Rfb1 Nf6 17. Kf1 Qe8 18. a4 Qg6 19. Ke1 g4 20. Kd2 Rfd8 21. b5 Nh7 22. Bh4 Bf6 23. Bxf6 Nxf6 24. hxg4 hxg4 25. a5 Kf7 26. Qc4 Rd7 27. b6 cxb6 28. axb6 a6 29. Qd3 Qg5 30. Ra4 Ng6 31. Rc4 Nh4 32. Rc7 Rad8 33. Qc4 Nxg2 34. Rxd7+ Rxd7 35. Qc8 gxf3 36. Bxf3 Nh4 37. Be2 f3+ 38. Kd3 fxe2 39. Nxe2 Qg2 40. Rg1 Qf3+ 41. Kd2 Ng6 42. Kd1 Qe3 43. Rf1 Qd4+ 44. Nxd4 exd4 45. Qxd7+ 1-0

[Event "Titled Tuesday intern op 16th Apr Early"]
[Site "Chess.com INT"]
[Date "2024.04.16"]
[Round "1"]
[White "Kourkoulos Arditis, Stamatis"]
[Black "Krivenko, Dion"]
[Result "1-0"]
[WhiteElo "2572"]
[BlackElo "2254"]
[PlyCount "91"]
[EventDate "2024.04.16"]
[EventType "swiss (blitz)"]
[EventRounds "11"]
[EventCountry "USA"]
[SourceTitle "CB17_2024"]
[SourceDate "2024.04.24"]
[SourceVersion "1"]
[SourceVersionDate "2024.04.24"]
[SourceQuality "1"]

1. e4 g6 2. d4 Bg7 3. Nf3 d6 4. Bd3 Nf6 5. 0-0 0-0 6. Re1 Nc6 7. c3 e5 8. h3 Re8 9. Nbd2 a6 10. Nf1 h6 11. Ng3 Bd7 12. d5 Ne7 13. c4 c6 14. Be3 cxd5 15. cxd5 Bb5 16. Bxb5 axb5 17. Qd3 Qa5 18. Nd2 Nd7 19. Nb3 Qa4 20. Ne2 b4 21. Qd2 Kh7 22. Nec1 b6 23. Nd3 Nc5 24. Nbxc5 bxc5 25. b3 Qb5 26. Nb2 Nc8 27. Nc4 Rd8 28. Qd3 Qb7 29. h4 Nb6 30. h5 Nxc4 31. hxg6+ fxg6 32. Qxc4 Ra3 33. g3 Rda8 34. Qc2 Qa6 35. Kg2 Rxa2 36. Rxa2 Qxa2 37. Qc1 h5 38. Qd1 Ra3 39. g4 Qxb3 40. Qf3 hxg4 41. Qxg4 Qd3 42. Rh1+ Kg8 43. Qxg6 Qe2 44. Qe8+ Bf8 45. Qe6+ Kg7 46. Bh6+ 1-0

[Event "Titled Tuesday intern op 16th Apr Early"]
[Site "Chess.com INT"]
[Date "2024.04.16"]
[Round "8"]
[White "Krivenko, Dion"]
[Black "Enkhrii, Enkh Amgalan"]
[Result "1-0"]
[WhiteElo "2254"]
[BlackElo "1942"]
[PlyCount "47"]
[EventDate "2024.04.16"]
[EventType "swiss (blitz)"]
[EventRounds "11"]
[EventCountry "USA"]
[SourceTitle "CB17_2024"]
[SourceDate "2024.04.24"]
[SourceVersion "1"]
[SourceVersionDate "2024.04.24"]
[SourceQuality "1"]

1. e4 e5 2. Nf3 Nc6 3. c3 Nf6 4. d4 exd4 5. e5 Ne4 6. cxd4 d5 7. Nc3 Bb4 8. Bd2 Nxd2 9. Qxd2 Bg4 10. Be2 0-0 11. 0-0 f6 12. exf6 Qxf6 13. a3 Bxc3 14. bxc3 Na5 15. Rab1 Rae8 16. Ne5 Bxe2 17. Qxe2 Nc4 18. Rxb7 Nxe5 19. dxe5 Rxe5 20. Qd3 c5 21. Rxa7 c4 22. Qd4 Qf5 23. h3 Re4 24. Qxg7# 1-0

[Event "Titled Tuesday intern op 16th Apr Early"]
[Site "Chess.com INT"]
[Date "2024.04.16"]
[Round "3"]
[White "Quirke, Jeffrey"]
[Black "Krivenko, Dion"]
[Result "0-1"]
[WhiteElo "1992"]
[BlackElo "2254"]
[PlyCount "108"]
[EventDate "2024.04.16"]
[EventType "swiss (blitz)"]
[EventRounds "11"]
[EventCountry "USA"]
[SourceTitle "CB17_2024"]
[SourceDate "2024.04.24"]
[SourceVersion "1"]
[SourceVersionDate "2024.04.24"]
[SourceQuality "1"]

1. e4 e6 2. d4 d5 3. exd5 exd5 4. Bf4 Bd6 5. Qd2 Nf6 6. Nc3 0-0 7. 0-0-0 Bb4 8. f3 Nbd7 9. g4 Nb6 10. Nge2 Nc4 11. Qe1 c6 12. Qg3 Qa5 13. Bd2 Be6 14. Kb1 Nd7 15. f4 Ndb6 16. f5 Bd7 17. Nc1 Nxd2+ 18. Rxd2 Bxc3 19. Qxc3 Qxc3 20. bxc3 g6 21. Bd3 Na4 22. c4 Rae8 23. cxd5 cxd5 24. Rf2 Re3 25. c4 Rc8 26. c5 b6 27. Rc2 bxc5 28. dxc5 Nxc5 29. Rd1 Ba4 30. Nb3 Bxb3 31. axb3 a5 32. Rdc1 Rxd3 33. Rxc5 Rxb3+ 34. Ka2 Rxc5 35. Rxc5 Rb4 36. fxg6 hxg6 37. Rxd5 Rxg4 38. Rxa5 Rg2+ 39. Kb3 Rxh2 40. Kc4 Rh4+ 41. Kd3 Kg7 42. Ke3 Rb4 43. Kf3 Rb3+ 44. Kg4 Rb4+ 45. Kg3 f5 46. Ra6 Kh6 47. Ra5 Kg5 48. Kf2 Rb3 49. Ra4 f4 50. Rc4 Kg4 51. Rc8 g5 52. Kg2 Rb2+ 53. Kf1 Kg3 54. Rc3+ f3 0-1

[Event "Titled Tuesday intern op 16th Apr Early"]
[Site "Chess.com INT"]
[Date "2024.04.16"]
[Round "7"]
[White "Zakirov, Musa"]
[Black "Krivenko, Dion"]
[Result "1-0"]
[WhiteElo "2203"]
[BlackElo "2254"]
[PlyCount "97"]
[EventDate "2024.04.16"]
[EventType "swiss (blitz)"]
[EventRounds "11"]
[EventCountry "USA"]
[SourceTitle "CB17_2024"]
[SourceDate "2024.04.24"]
[SourceVersion "1"]
[SourceVersionDate "2024.04.24"]
[SourceQuality "1"]

1. e4 e6 2. d4 d5 3. Nc3 Bb4 4. e5 Bxc3+ 5. bxc3 b6 6. h4 Qd7 7. h5 h6 8. Rh3 Ne7 9. Nf3 Ba6 10. Nh4 c5 11. Rg3 Bxf1 12. Kxf1 Rg8 13. a4 Nbc6 14. Ba3 c4 15. Kg1 0-0-0 16. Bd6 f6 17. Bxe7 Nxe7 18. Nf3 Nf5 19. Rh3 Kb7 20. a5 Qc7 21. Qc1 b5 22. a6+ Ka8 23. Qe1 Qd7 24. Kh2 Ne7 25. Rg3 Nc6 26. Rg6 Qc7 27. Rb1 Rb8 28. Kh3 Qd7 29. Qe3 Ne7 30. Rg4 Nf5 31. Qf4 Qf7 32. Rg6 Rb6 33. exf6 gxf6 34. g4 Nd6 35. Rxf6 Qe7 36. Ne5 Ne4 37. Rf7 Qg5 38. f3 Qxf4 39. Rxf4 Ng5+ 40. Kh4 Rxa6 41. Rf6 Ra2 42. Rg6 Rf8 43. Rxh6 Nxf3+ 44. Nxf3 Rxf3 45. Rxb5 a6 46. Rb6 Ka7 47. Rbxe6 Rxc3 48. Rh7+ Kb8 49. Re8# 1-0

[Event "Titled Tuesday intern op 02nd Apr Early"]
[Site "Chess.com INT"]
[Date "2024.04.02"]
[Round "2"]
[White "Hamitevici, Vladimir"]
[Black "Krivenko, Dion"]
[Result "1-0"]
[WhiteElo "2445"]
[BlackElo "2254"]
[PlyCount "137"]
[EventDate "2024.04.02"]
[EventType "swiss (blitz)"]
[EventRounds "11"]
[EventCountry "USA"]
[SourceTitle "CB15_2024"]
[SourceDate "2024.04.10"]
[SourceVersion "1"]
[SourceVersionDate "2024.04.10"]
[SourceQuality "1"]

1. c4 g6 2. Nc3 Bg7 3. d4 Nf6 4. e4 d6 5. Nge2 c5 6. dxc5 Qa5 7. Bd2 Qxc5 8. Be3 Qa5 9. f3 0-0 10. Qd2 Nc6 11. Nd5 Qxd2+ 12. Bxd2 e6 13. Nxf6+ Bxf6 14. Bc3 Kg7 15. Rd1 Rd8 16. Kf2 Ne5 17. b3 a6 18. h3 b6 19. f4 Nc6 20. g4 Bb7 21. Bg2 b5 22. cxb5 axb5 23. Rd2 b4 24. Bxf6+ Kxf6 25. Rc1 Ke7 26. Ke3 Rac8 27. Rdc2 Na7 28. Rc4 Ba6 29. Rxb4 Bxe2 30. Rxc8 Rxc8 31. Rb7+ Kf6 32. Rxa7 Rc2 33. g5+ Kg7 34. h4 Bb5 35. Bf3 Rh2 36. f5 gxf5 37. exf5 exf5 38. Bd5 Be8 39. Ra8 Bd7 40. Ra7 Be8 41. b4 Rxh4 42. a3 Rg4 43. Ra8 Bd7 44. Rd8 Be6 45. Bxe6 fxe6 46. Rxd6 Rg3+ 47. Kf4 Rxa3 48. Rxe6 Rb3 49. Rb6 Rb1 50. Kxf5 Rf1+ 51. Kg4 Rg1+ 52. Kf4 Rf1+ 53. Ke5 Rg1 54. Kf5 Rf1+ 55. Ke6 Rg1 56. Rb5 Kg6 57. Re5 Rb1 58. b5 Kh5 59. Kd6 Kg6 60. Kc6 Rc1+ 61. Rc5 Rxc5+ 62. Kxc5 Kxg5 63. b6 h5 64. b7 h4 65. b8Q Kg4 66. Qh2 h3 67. Kd6 Kh4 68. Ke7 Kg4 69. Kf8 1-0

[Event "Titled Tuesday intern op 02nd Apr Early"]
[Site "Chess.com INT"]
[Date "2024.04.02"]
[Round "11"]
[White "Krivenko, Dion"]
[Black "Schoenfeld, Gabriel"]
[Result "1-0"]
[WhiteElo "2254"]
[BlackElo "1866"]
[PlyCount "31"]
[EventDate "2024.04.02"]
[EventType "swiss (blitz)"]
[EventRounds "11"]
[EventCountry "USA"]
[SourceTitle "CB15_2024"]
[SourceDate "2024.04.10"]
[SourceVersion "1"]
[SourceVersionDate "2024.04.10"]
[SourceQuality "1"]

1. c4 c6 2. g3 d5 3. Bg2 Nf6 4. b3 dxc4 5. bxc4 Qd4 6. Nc3 Qxc4 7. Nf3 Nbd7 8. 0-0 g6 9. Bb2 Bg7 10. d3 Qa6 11. e4 0-0 12. d4 e6 13. a4 Rd8 14. Qb3 Nb6 15. Rfe1 Nc4 16. Bf1 1-0

[Event "Titled Tuesday intern op 02nd Apr Early"]
[Site "Chess.com INT"]
[Date "2024.04.02"]
[Round "6"]
[White "Skliarov, Viktor"]
[Black "Krivenko, Dion"]
[Result "1/2-1/2"]
[WhiteElo "2345"]
[BlackElo "2254"]
[PlyCount "120"]
[EventDate "2024.04.02"]
[EventType "swiss (blitz)"]
[EventRounds "11"]
[EventCountry "USA"]
[SourceTitle "CB15_2024"]
[SourceDate "2024.04.10"]
[SourceVersion "1"]
[SourceVersionDate "2024.04.10"]
[SourceQuality "1"]

1. e4 g6 2. d4 d6 3. Nc3 Nf6 4. f3 a6 5. Be3 b5 6. Qd2 Nbd7 7. a4 b4 8. Na2 a5 9. c3 bxc3 10. Nxc3 Bg7 11. g4 h5 12. g5 Nh7 13. Bc4 0-0 14. f4 e5 15. dxe5 dxe5 16. f5 Nb6 17. Qxd8 Rxd8 18. Bxb6 cxb6 19. fxg6 Nxg5 20. h4 Be6 21. Be2 fxg6 22. hxg5 Rd4 23. Nf3 Rb4 24. 0-0-0 Rc8 25. Rd6 Bf7 26. Ba6 Rc7 27. Rd8+ Kh7 28. Nd2 Rxa4 29. Kc2 Rd4 30. Rc8 Rxc8 31. Bxc8 Bf8 32. Nf3 Rd8 33. Nxe5 Bg8 34. Bb7 Bg7 35. Nd3 b5 36. Bd5 b4 37. Bxg8+ Kxg8 38. Nd5 Rc8+ 39. Kb3 Re8 40. e5 Bxe5 41. Re1 a4+ 42. Kxa4 Ra8+ 43. Kb3 Bg7 44. Nf6+ Bxf6 45. gxf6 Kf7 46. Nxb4 Kxf6 47. Kc4 h4 48. Nd5+ Kg5 49. b4 h3 50. b5 Kh4 51. b6 g5 52. Kb5 g4 53. b7 Rb8 54. Kc6 h2 55. Ne3 Kh3 56. Nxg4 Kxg4 57. Rh1 Kg3 58. Kc7 Rxb7+ 59. Kxb7 Kg2 60. Rxh2+ Kxh2 1/2-1/2

[Event "Titled Tuesday intern op 12th Mar Early"]
[Site "Chess.com INT"]
[Date "2024.03.12"]
[Round "6"]
[White "Mamedjarova, Turkan"]
[Black "Krivenko, Dion"]
[Result "0-1"]
[WhiteElo "2217"]
[BlackElo "2258"]
[PlyCount "104"]
[EventDate "2024.03.12"]
[EventType "swiss (blitz)"]
[EventRounds "11"]
[EventCountry "USA"]
[SourceTitle "CB12_2024"]
[SourceDate "2023.10.01"]
[SourceVersion "1"]
[SourceVersionDate "2023.10.01"]
[SourceQuality "1"]

1. e4 g6 2. d4 Bg7 3. Nf3 a6 4. c4 c5 5. Be3 d6 6. Nc3 Bg4 7. Be2 Bxf3 8. Bxf3 cxd4 9. Bxd4 Nf6 10. 0-0 Nc6 11. Bxf6 Bxf6 12. Nd5 Bg7 13. Rb1 0-0 14. b4 e6 15. Ne3 Nd4 16. Qd3 Qh4 17. Nc2 Nxc2 18. Qxc2 Rac8 19. Rfd1 d5 20. g3 Qf6 21. Bg2 Rxc4 22. Qd3 Rc3 23. Qe2 dxe4 24. Qxe4 b5 25. Rbc1 h5 26. Rxc3 Qxc3 27. h4 Qa3 28. Qe3 Qxa2 29. Rd7 Qc4 30. Qc5 Rc8 31. Qe7 Rf8 32. Qc5 Qb3 33. Ra7 Qd1+ 34. Kh2 Bd4 35. Qc7 Bxa7 36. Qxa7 Qa4 37. Qc5 Qa3 38. Qb6 Qb2 39. Qxa6 Qxf2 40. Qxb5 Qf5 41. Qc4 Rd8 42. b5 Rb8 43. Qc6 Qxb5 44. Qc7 Qb2 45. Qf4 Qg7 46. Qxb8+ Qf8 47. Qf4 Kg7 48. Qg5 f6 49. Qb5 e5 50. Qb7+ Kh6 51. Qe4 Qa3 52. Qe3+ Qxe3 0-1

[Event "Titled Tuesday intern op 09th Jan Early"]
[Site "Chess.com INT"]
[Date "2024.01.09"]
[Round "6"]
[White "Krivenko, Dion"]
[Black "Cordoba Roa, Angel Gabriel"]
[Result "1-0"]
[WhiteElo "2216"]
[BlackElo "2312"]
[PlyCount "149"]
[EventDate "2024.01.09"]
[EventType "swiss (blitz)"]
[EventRounds "11"]
[EventCountry "USA"]
[SourceTitle "CB03_2024"]
[SourceDate "2024.01.17"]
[SourceVersion "1"]
[SourceVersionDate "2024.01.17"]
[SourceQuality "1"]

1. e4 e5 2. Bc4 Nf6 3. d3 Bc5 4. c3 0-0 5. Nd2 Re8 6. h3 c6 7. Qe2 d5 8. Bb3 a5 9. a4 Be6 10. Ngf3 Nbd7 11. Ng5 Nf8 12. Nxe6 Nxe6 13. Nf3 Bb6 14. 0-0 Nf4 15. Bxf4 exf4 16. e5 d4 17. Rfe1 Nd5 18. Nxd4 Bxd4 19. cxd4 Nb4 20. Qe4 Qg5 21. Rac1 Rad8 22. Rc5 b6 23. e6 f5 24. Rxf5 Qe7 25. Rf7 Qg5 26. Rd7 Nd5 27. Rxd8 Qxd8 28. e7 Qd6 29. Qe5 Qxe5 30. Rxe5 Kf7 31. Bxd5+ cxd5 32. Rxd5 Rxe7 33. Rb5 Re1+ 34. Kh2 Re2 35. Rxb6 Rxf2 36. Kg1 Rc2 37. Rb5 Ke6 38. Rxa5 Rxb2 39. Ra6+ Kd5 40. Ra7 Kxd4 41. Rxg7 Kxd3 42. Rxh7 Rb1+ 43. Kf2 Rb2+ 44. Kf3 Rb1 45. Kxf4 Rf1+ 46. Kg3 Ra1 47. Ra7 Kd4 48. Kg4 Kc5 49. g3 Kb6 50. Ra8 Kb7 51. Ra5 Kb6 52. Rf5 Rxa4+ 53. Rf4 Ra3 54. h4 Kc6 55. h5 Kd7 56. h6 Ra1 57. Kg5 Rh1 58. Rh4 Rg1 59. g4 Ra1 60. h7 Ra5+ 61. Kg6 Ra6+ 62. Kg7 Ke7 63. h8Q Rf6 64. Rh7 Rf4 65. Kh6+ Ke6 66. g5 Rh4+ 67. Kg6 Rf4 68. Qe8+ Kd5 69. Rd7+ Kc4 70. Qc8+ Kb3 71. Rb7+ Ka3 72. Qa8+ Ra4 73. Qf8+ Ka2 74. Qf2+ Ka1 75. Qb2# 1-0

[Event "Titled Tuesday intern op 09th Jan Early"]
[Site "Chess.com INT"]
[Date "2024.01.09"]
[Round "9"]
[White "Krivenko, Dion"]
[Black "Cupid, Kevin"]
[Result "1-0"]
[WhiteElo "2216"]
[BlackElo "2188"]
[PlyCount "35"]
[EventDate "2024.01.09"]
[EventType "swiss (blitz)"]
[EventRounds "11"]
[EventCountry "USA"]
[SourceTitle "CB03_2024"]
[SourceDate "2024.01.17"]
[SourceVersion "1"]
[SourceVersionDate "2024.01.17"]
[SourceQuality "1"]

1. e4 c6 2. d4 d5 3. e5 Bf5 4. Bd3 Bxd3 5. Qxd3 e6 6. Ne2 Ne7 7. 0-0 h5 8. a4 a5 9. c3 Nd7 10. Bg5 Qb6 11. Na3 Nf5 12. Ng3 g6 13. Nxf5 gxf5 14. c4 Qa6 15. Rfc1 Nb6 16. Qb3 Bxa3 17. Qxa3 c5 18. Qxc5 1-0

[Event "Titled Tuesday intern op 09th Jan Early"]
[Site "Chess.com INT"]
[Date "2024.01.09"]
[Round "3"]
[White "Krivenko, Dion"]
[Black "Sipila, Vilka"]
[Result "0-1"]
[WhiteElo "2216"]
[BlackElo "2443"]
[PlyCount "54"]
[EventDate "2024.01.09"]
[EventType "swiss (blitz)"]
[EventRounds "11"]
[EventCountry "USA"]
[SourceTitle "CB03_2024"]
[SourceDate "2024.01.17"]
[SourceVersion "1"]
[SourceVersionDate "2024.01.17"]
[SourceQuality "1"]

1. e4 c5 2. Nf3 e6 3. Qe2 Nc6 4. c3 Nf6 5. g3 Be7 6. Bg2 d5 7. d3 0-0 8. 0-0 Qc7 9. Bf4 e5 10. exd5 exf4 11. dxc6 bxc6 12. Ne5 fxg3 13. hxg3 Bd6 14. Nc4 Bg4 15. Qc2 Rfe8 16. Nbd2 Re2 17. Rfe1 Rae8 18. Rxe2 Rxe2 19. Qa4 Bxg3 20. Qxc6 Bxf2+ 21. Kf1 Qg3 22. Ne4 Rxe4 23. dxe4 h5 24. e5 Nh7 25. Qa8+ Nf8 26. Qe4 h4 27. Nd2 h3 0-1

[Event "Basel Christmas op"]
[Site "Basel"]
[Date "2023.12.27"]
[Round "3"]
[White "Saypuri, Srithan"]
[Black "Krivenko, Dion"]
[Result "0-1"]
[WhiteElo "2145"]
[BlackElo "2220"]
[PlyCount "42"]
[EventDate "2023.12.26"]
[EventType "swiss"]
[EventRounds "9"]
[EventCountry "SUI"]
[SourceTitle "CB02_2024"]
[SourceDate "2024.01.10"]
[SourceVersion "1"]
[SourceVersionDate "2024.01.10"]
[SourceQuality "1"]

1. e4 c5 2. Nf3 d6 3. d4 cxd4 4. Nxd4 Nf6 5. Nc3 Bd7 6. Be2 g6 7. Be3 Bg7 8. f3 0-0 9. Qd2 Nc6 10. g4 Rc8 11. h4 h5 12. gxh5 Nxh5 13. 0-0-0 Qa5 14. Rhg1 Nb4 15. Kb1 Rxc3 16. Qxc3 Qxa2+ 17. Kc1 Qa5 18. Qa3 Na2+ 19. Kb1 Qxa3 20. bxa3 Nc3+ 21. Kc1 Bxd4 0-1

[Event "Rome City op 5th"]
[Site "Rome"]
[Date "2023.12.07"]
[Round "5"]
[White "Krivenko, Dion"]
[Black "Leniart, Arkadiusz"]
[Result "0-1"]
[WhiteElo "2220"]
[BlackElo "2504"]
[PlyCount "107"]
[EventDate "2023.12.04"]
[EventType "swiss"]
[EventRounds "9"]
[EventCountry "ITA"]
[SourceTitle "CB50_2023"]
[SourceDate "2023.12.13"]
[SourceVersion "1"]
[SourceVersionDate "2023.12.13"]
[SourceQuality "1"]

1. e4 c5 2. Nc3 e6 3. g3 Nc6 4. Bg2 Nf6 5. Nge2 Be7 6. d4 cxd4 7. Nxd4 0-0 8. 0-0 d6 9. h3 Bd7 10. Re1 a6 11. Be3 Rc8 12. Nxc6 Bxc6 13. a4 Qa5 14. Qd2 Kh8 15. f4 d5 16. exd5 exd5 17. Qf2 Ne4 18. Nxe4 dxe4 19. f5 Bf6 20. c3 Rfe8 21. g4 Qd8 22. Bb6 Qd5 23. Be3 Rcd8 24. g5 Be7 25. Re2 Bd6 26. Bd4 Bc7 27. Rae1 Qd6 28. Bxe4 Bxa4 29. Bxb7 Rxe2 30. Rxe2 Bb5 31. Re1 Kg8 32. Bh1 Bd3 33. Re5 Bc4 34. Bf3 Qd7 35. Rc5 Bb3 36. c4 Bg3 37. Qxg3 Qxd4+ 38. Qf2 Qf4 39. Rd5 Qxg5+ 40. Qg2 Qc1+ 41. Kh2 Rb8 42. Rd2 Bxc4 43. Qg5 Bd3 44. f6 Qc7+ 45. Qg3 Qxg3+ 46. Kxg3 Bc4 47. Rc2 Bb5 48. Bd5 gxf6 49. Rc7 Be8 50. b3 Rb5 51. Bc4 Rg5+ 52. Kf4 a5 53. Rc8 Kf8 54. Ra8 0-1

[Event "Wch U18"]
[Site "Montesilvano"]
[Date "2023.11.20"]
[Round "7"]
[White "Sahakyan, Aleks"]
[Black "Krivenko, Dion"]
[Result "1/2-1/2"]
[WhiteElo "2303"]
[BlackElo "2218"]
[PlyCount "102"]
[EventDate "2023.11.13"]
[EventType "swiss"]
[EventRounds "11"]
[EventCountry "ITA"]
[SourceTitle "CB48_2023"]
[SourceDate "2023.11.29"]
[SourceVersion "1"]
[SourceVersionDate "2023.11.29"]
[SourceQuality "1"]

1. c4 Nf6 2. g3 g6 3. Bg2 Bg7 4. Nc3 0-0 5. d4 d6 6. Nf3 Nbd7 7. 0-0 e5 8. e4 c6 9. Re1 exd4 10. Nxd4 Ne5 11. b3 Qa5 12. Bb2 a6 13. h3 Qb6 14. Na4 Qc7 15. f4 Ned7 16. Rc1 Re8 17. Nc3 Rb8 18. Kh2 h5 19. Nf3 Nc5 20. Nh4 Bd7 21. Qd2 Rbd8 22. b4 Ne6 23. Nd5 Nxd5 24. cxd5 Nf8 25. Bxg7 Kxg7 26. Qd4+ Kg8 27. Red1 Rc8 28. Nf3 Qd8 29. Ng5 Nh7 30. Nxh7 Kxh7 31. dxc6 Bxc6 32. Qxd6 Qxd6 33. Rxd6 Rcd8 34. Rdd1 Rxd1 35. Rxd1 Bxe4 36. Re1 f5 37. Bxe4 fxe4 38. Kg2 Rc8 39. Rxe4 Rc2+ 40. Kf3 Rxa2 41. Re7+ Kh6 42. g4 Ra3+ 43. Ke4 hxg4 44. hxg4 Ra4 45. Rxb7 a5 46. f5 Rxb4+ 47. Rxb4 gxf5+ 48. gxf5 axb4 49. Kd4 Kg7 50. Kc4 Kf6 51. Kxb4 Kxf5 1/2-1/2

[Event "Wch U18"]
[Site "Montesilvano"]
[Date "2023.11.18"]
[Round "6"]
[White "Krivenko, Dion"]
[Black "Davtyan, Arsen"]
[Result "1/2-1/2"]
[WhiteElo "2218"]
[BlackElo "2406"]
[PlyCount "119"]
[EventDate "2023.11.13"]
[EventType "swiss"]
[EventRounds "11"]
[EventCountry "ITA"]
[SourceTitle "CB48_2023"]
[SourceDate "2023.11.29"]
[SourceVersion "1"]
[SourceVersionDate "2023.11.29"]
[SourceQuality "1"]

1. e4 e5 2. Nf3 Nc6 3. Ng1 Nb8 4. Nf3 Nc6 5. d4 exd4 6. Nxd4 Bc5 7. Nb3 Bb6 8. Nc3 Nf6 9. Nb1 Ng8 10. Nc3 Nf6 11. Nb1 Ng8 12. Nc3 Nf6 13. Nb1 Ng8 14. Nc3 Nf6 15. Bg5 h6 16. Bh4 d6 17. Qe2 0-0 18. 0-0-0 Be6 19. f3 a5 20. a4 Re8 21. Kb1 Qe7 22. Bf2 Bxf2 23. Qxf2 Nb4 24. g4 Bxb3 25. cxb3 c6 26. h4 Qe6 27. g5 Nh5 28. Bh3 Qxb3 29. gxh6 g6 30. Bg4 Nf4 31. Bh3 Nh5 32. Bg4 Nf4 33. h5 Kh7 34. hxg6+ fxg6 35. Qd4 Re7 36. Qf2 Ree8 37. Qd4 Re7 38. Rde1 Ree8 39. Rd1 Re7 40. Qxd6 Rf7 41. Rd2 b5 42. Bf5 gxf5 43. Qxf4 bxa4 44. Rg1 a3 45. Rg7+ Rxg7 46. hxg7 a2+ 47. Ka1 Nc2+ 48. Rxc2 Qxc2 49. Qxf5+ Kxg7 50. Qd7+ Kg8 51. Qf5 Kg7 52. Qd7+ Kg8 53. Qf5 Kg7 54. Qd7+ Kg8 55. Qxc6 Rd8 56. Qd7 Ra8 57. Qc6 Rd8 58. Qg6+ Kf8 59. Qf6+ Ke8 60. Qf5 1/2-1/2

[Event "Fagernes Autumn op"]
[Site "Fagernes"]
[Date "2023.10.10"]
[Round "3"]
[White "Krivenko, Dion"]
[Black "Eliseev, Sergey1"]
[Result "0-1"]
[WhiteElo "2234"]
[BlackElo "2083"]
[PlyCount "80"]
[EventDate "2023.10.08"]
[EventType "swiss"]
[EventRounds "9"]
[EventCountry "NOR"]
[SourceTitle "Mega2024 Update 01"]
[Source "Chessbase"]
[SourceDate "2023.11.12"]
[SourceVersion "1"]
[SourceVersionDate "2023.11.12"]
[SourceQuality "1"]

1. Nc3 d5 2. Nf3 Nf6 3. d3 c5 4. g3 Nc6 5. Bg2 g6 6. 0-0 Bg7 7. e4 dxe4 8. dxe4 Bg4 9. Be3 Qa5 10. h3 Rd8 11. Qe2 Nd4 12. Bxd4 cxd4 13. hxg4 dxc3 14. b4 Qb6 15. g5 Nh5 16. Rfd1 Rxd1+ 17. Rxd1 Nxg3 18. Qc4 0-0 19. Rd7 e5 20. a4 a5 21. b5 Nh5 22. Bh3 Nf4 23. Bg4 Qa7 24. Qc7 Qb8 25. b6 Qe8 26. Qxb7 Ne2+ 27. Kf1 Nd4 28. Nxd4 exd4 29. Qd5 Qb8 30. b7 Qf4 31. Be2 Be5 32. f3 Qc1+ 33. Kf2 Qe3+ 34. Kf1 Qc1+ 35. Kf2 Bh2 36. Bb5 Qe3+ 37. Kf1 Qg1+ 38. Ke2 Qe3+ 39. Kf1 Qxf3+ 40. Ke1 Bg3# 0-1